Human resource management in tourism / (Record no. 126973)

MARC details
000 -LEADER
fixed length control field 00704nam a22002297a 4500
005 - DATE AND TIME OF LATEST TRANSACTION
control field 20170124110017.0
010 ## - LIBRARY OF CONGRESS CONTROL NUMBER
LC control number B-031253
020 ## - INTERNATIONAL STANDARD BOOK NUMBER
Terms of availability 00.00
International Standard Book Number 8187317949
035 ## - SYSTEM CONTROL NUMBER
System control number B-031253
037 ## - SOURCE OF ACQUISITION
Stock number Cen Lib/Ret
040 ## - CATALOGING SOURCE
Original cataloging agency DPL
Language of cataloging EN
082 ## - DEWEY DECIMAL CLASSIFICATION NUMBER
Classification number 338.4791
Item number MAD
100 ## - MAIN ENTRY--PERSONAL NAME
Personal name Madhukar, Manoj
9 (RLIN) 19024
245 ## - TITLE STATEMENT
Title Human resource management in tourism /
Statement of responsibility, etc by Manoj Madhukar
260 ## - PUBLICATION, DISTRIBUTION, ETC. (IMPRINT)
Place of publication, distribution, etc New Delhi
Name of publisher, distributor, etc Rajat Publications
Date of publication, distribution, etc 2000
270 ## - ADDRESS
City New Delhi
Address 4675/21, Ansari road daryaganj
Postal code 110002
300 ## - PHYSICAL DESCRIPTION
Extent vi,286p.
Dimensions 21cm(Hb)
500 ## - GENERAL NOTE
General note Includes index
650 ## - SUBJECT ADDED ENTRY--TOPICAL TERM
Topical term or geographic name as entry element Travel and tourism
9 (RLIN) 74185
650 ## - SUBJECT ADDED ENTRY--TOPICAL TERM
Topical term or geographic name as entry element Human resource management
9 (RLIN) 9535
942 ## - ADDED ENTRY ELEMENTS (KOHA)
Source of classification or shelving scheme Dewey Decimal Classification
Koha item type English Books
Classification part 338.4791
Call number suffix MAD
Holdings
Withdrawn status Lost status Damaged status Not for loan Home library Current library Date acquired Source of acquisition Cost, normal purchase price Total Checkouts Full call number Barcode Date last seen Copy number Cost, replacement price Price effective from Koha item type
        Central Library Central Library 27/06/2015 Cen Lib/Ret 0.00   338.4791 MAD B-031253 27/06/2015 1 0.00 15/09/2016 English Books

© Delhi Public Library
Hit Counter
free hit counter